000 00357nam a2200157Ia 4500
008 230524s9999 xx 000 0 und d
082 _a539.7
_bSHA
100 _aR.C.Sharma
245 0 _aNuclear Physics
250 _a5TH
260 _aNEW DELHI
_bKadarnath
_c2004
300 _a606
500 _aQuantity Number: 12
650 _aPhysics
942 _cBK
999 _c17866
_d17866